تخطي إلى المحتوى
VuFind
اللغة
English
Deutsch
Español
Français
Italiano
日本語
Nederlands
Português
Português (Brasil)
中文(简体)
中文(繁體)
Türkçe
עברית
Gaeilge
Cymraeg
Ελληνικά
Català
Euskara
Русский
Čeština
Suomi
Svenska
polski
Dansk
slovenščina
اللغة العربية
বাংলা
Galego
Tiếng Việt
Hrvatski
हिंदी
كل الحقول
العنوان
المؤلف
الموضوع
رقم الطلب
ردمك/تدمد
الوسم
ابحث
بحث متقدم
إعادة تعيين المنقحات
الموضوعات المستخلصة:
Basic concept of statistics
إعادة تعيين المنقحات
عرض المنقحات (%%عد%%)
الموضوعات المستخلصة:
Basic concept of statistics
بحث عن
Studies on lemongrass oil
استشهد بهذا
أرسل هذا بالبريد الإلكتروني
طباعة
تصدير التسجيلة
تصدير إلى RefWorks
تصدير إلى EndNoteWeb
تصدير إلى EndNote
permanent_link
تحميل...
Studies on lemongrass oil
other_versions_link
التفاصيل البيبلوغرافية
المؤلف الرئيسي:
Pushpakumari, K. N.
اللغة:
English
المقتنيات
الوصف
other_versions_title
مواد مشابهة
عرض للأخصائي
LEADER
00245nam a22000977a 4500
005
20160323130512.0
008
110111t xxu||||| |||| 00| 0 eng d
100
|a
Pushpakumari, K. N.
|9
9113
245
|a
Studies on lemongrass oil
942
|c
BK
|6
_
999
|c
159040
|d
159040
مواد مشابهة
Studies on Lemongrass Oil
بواسطة: Pushpakumari, K.N
منشور في: (1987)
Studies on lemongrass oil
بواسطة: Pushpakumari, K. N.
palmarosa vetiver lemongrass
بواسطة: Thomas ,J
منشور في: (1997)
Palmarosa vetiver lemongrass
بواسطة: Thomas,J
منشور في: (1997)
PALMAROSA VETIVER LEMONGRASS
بواسطة: THOMAS,J
منشور في: (1997)
تحميل...